00534nam a2200121Ia 4500008004100000100002300041245009600064245005900160260000900219300003500228440004900263650010000312171207s9999 xx 000 0 und d aDeDiego, Amanda C. aOvercoming Obstacles: Exploring the Use of Adventure Based Counseling in Youth Grief Camps  cAmanda C. DeDiego, Laura S. Wheat & Teresa B. Fletcher c2017 apages 230-242, April-June 2017 aJournal of Creativity in Mental Healthv12:2 aAdolescents, Adventure Based Counseling, children, creativity in counseling, grief, grief camps